Chemical principles (Record no. 566665)

000 -LEADER
fixed length control field 00784nam a22001937a 4500
003 - CONTROL NUMBER IDENTIFIER
control field CEME
005 - DATE AND TIME OF LATEST TRANSACTION
control field 20210628201637.0
008 - FIXED-LENGTH DATA ELEMENTS--GENERAL INFORMATION
fixed length control field 210212b xxu||||| |||| 00| 0 eng d
020 ## - INTERNATIONAL STANDARD BOOK NUMBER
International Standard Book Number 0-669-39321-5
040 ## - CATALOGING SOURCE
Transcribing agency .
082 ## - DEWEY DECIMAL CLASSIFICATION NUMBER
Classification number 546 ZUM
100 ## - MAIN ENTRY--PERSONAL NAME
Personal name Zumdahl, Steven.S
9 (RLIN) 436
245 ## - TITLE STATEMENT
Title Chemical principles
250 ## - EDITION STATEMENT
Edition statement 2ND
260 ## - PUBLICATION, DISTRIBUTION, ETC.
Place of publication, distribution, etc. LEXINGTON
Name of publisher, distributor, etc. D.C HEATH AND COMPANY
Date of publication, distribution, etc. 1995
300 ## - PHYSICAL DESCRIPTION
Extent XXI,1189P
650 ## - SUBJECT ADDED ENTRY--TOPICAL TERM
Topical term or geographic name entry element CHEMISTRY AND CHEMISTS ATOMS MOLECULES AND IONS STOICHIOMETRY CHEMICAL REACTIONS AND SOLUTION STOICHIOMETRY GASES CHEMICAL EQUILIBRIUM ACIDS AND BASES ENERGY,ENTHALPY AND THERMOCHEMISTRY ELECTROCHEMISTRY QUANTUM MECHANICS AND ATOMIC THEORY BONDING COVALENT BONDING CHEMICAL KINETICS LIQUIDS AND SOLIDS ORGANIC CHEMISTRY BIOCHEMISTRY
9 (RLIN) 56153
942 ## - ADDED ENTRY ELEMENTS (KOHA)
Koha item type Book
Source of classification or shelving scheme
Holdings
Withdrawn status Lost status Damaged status Not for loan Permanent Location Current Location Shelving location Date acquired Total Checkouts Full call number Barcode Date last seen Price effective from Koha item type
        College of Electrical & Mechanical Engineering (CEME) College of Electrical & Mechanical Engineering (CEME) General Stacks 07/11/2017   546 ZUM CEME-34943 06/28/2021 06/28/2021 Book
© 2023 Central Library, National University of Sciences and Technology. All Rights Reserved.